000 00877nas a2200277 4500
001 BR9902814
003 BR-BrBNA
005 20231205101430.0
007 ta
008 230509b bl.|||p| |||| 00| 00por d
040 _aBR-BrBNA
_bpor
_cBiblioteca Nacional de Agricultura
041 _a(Pt)
072 _aH10
100 1 _aRaetano, C.G.
100 1 _aMatuo, T.
245 1 _aEfeito da pulverizacao com turboatomizadores em diferentes condicoes operacionais no controle de acaros em citros
650 _aFruta Citrica
650 _aAcaro Purpureo
650 _aAcaro da Falsa Ferrugem
650 _aLeprose
650 _aControle Quimico
650 _aPulverizacao
773 0 _tAnais da Sociedade Entomologica do Brasil (Brazil)
_xISSN 0301-8059
_g(Mar 1999), v. 28(1) p. 131-140
_wBR9902814
909 _a202311
_bLúcia
_c55
_dLúcia Elande
942 _2AGRIS
_n0
_cANA
999 _c161809
_d161809